| 000 | 00000nam##2200000za#4500 |
| 001 | 9.631205 |
| 003 | CaOODSP |
| 005 | 20210624214225 |
| 007 | cr ||||||||||| |
| 008 | 150407|2003||||xxc|||||o f|0| 0 fre|d |
| 040 | |aCaOODSP|bfre |
| 043 | |an-cn--- |
| 086 | 1 |aRC31-18/2003F-PDF |
| 110 | 1 |aCanada.|bCommission des revendications des Indiens. |
| 245 | 10|aEnquête sur la revendication de la Première Nation Dakota de Canupawakpa relative à la cession des collines Turtle / |h[ressource électronique]|cComité: Roger J. Augustine, commissaire, Daniel J. Bellegarde, commissaire, Sheila G. Purdy, commissaire. |
| 260 | |aOttawa - Ontario : |bCommission des revendications des Indiens |c2003. |
| 300 | |a[4], 97, [3]p.|bréférences |
| 590 | |a03-44|b2003-10-31 |
| 691 | 07|aAutochtones|2gcpds |
| 691 | 07|aRevendication|2gcpds |
| 775 | 08|tCanupawakpa Dakota First Nation Inquiry, Turtle Mountain surrender claim / |w(CaOODSP)9.686742 |
| 856 | 40|ahttp://publications.gc.ca|qPDF|s580 ko|uhttps://publications.gc.ca/collections/Collection/RC31-18-2003F.pdf |